Code of measuring practice: a guide for surveyors and valuers. (Record no. 87024)
[ view plain ]
| 000 -LEADER | |
|---|---|
| fixed length control field | 00962cam a2200241 4500 |
| 001 - CONTROL NUMBER | |
| control field | D8396 |
| 008 - FIXED-LENGTH DATA ELEMENTS--GENERAL INFORMATION | |
| fixed length control field | 090401t1979 xxu||||| |||| 00| 0 eng d |
| 035 ## - SYSTEM CONTROL NUMBER | |
| System control number | (Sirsi) u12691 |
| 041 ## - LANGUAGE CODE | |
| Language code of text/sound track or separate title | eng |
| 050 ## - LIBRARY OF CONGRESS CALL NUMBER | |
| Classification number | 692.3 |
| 110 ## - MAIN ENTRY--CORPORATE NAME | |
| Corporate name or jurisdiction name as entry element | Royal Institution of Chartered Surveyors |
| 9 (RLIN) | 4900 |
| 245 ## - TITLE STATEMENT | |
| Title | Code of measuring practice: a guide for surveyors and valuers. |
| 260 ## - PUBLICATION, DISTRIBUTION, ETC. | |
| Place of publication, distribution, etc. | London |
| Name of publisher, distributor, etc. | RICS ISVA |
| Date of publication, distribution, etc. | 1979 |
| 300 ## - PHYSICAL DESCRIPTION | |
| Extent | 11p. ; 30cm |
| 350 ## - PRICE (NR) (BK AM CF MU VM SE) [OBSOLETE] | |
| Price | 0 |
| 520 ## - SUMMARY, ETC. | |
| Summary, etc. | SUPERSEDED: Replaced by 2nd edition 1987. Shelved at Reserve collection shelf 317. Two copies are photocopies. |
| 650 ## - SUBJECT ADDED ENTRY--TOPICAL TERM | |
| Topical term or geographic name entry element | RICS CODE OF MEASURING PRACTICE |
| 650 ## - SUBJECT ADDED ENTRY--TOPICAL TERM | |
| Topical term or geographic name entry element | Measurement |
| 9 (RLIN) | 6256 |
| 710 ## - ADDED ENTRY--CORPORATE NAME | |
| Corporate name or jurisdiction name as entry element | Incorporated Society of Valuers and Auctioneers |
| 9 (RLIN) | 1201 |
| 856 ## - ELECTRONIC LOCATION AND ACCESS | |
| Uniform Resource Identifier | <a href="https://www.isurv.com/downloads/file/6864/archive_code_of_measuring_practice_1st_edition_including_1981_amendment_march_1979%E2%80%93january_1987">https://www.isurv.com/downloads/file/6864/archive_code_of_measuring_practice_1st_edition_including_1981_amendment_march_1979%E2%80%93january_1987</a> |
| Public note | Available on isurv (subscription required) |
| 942 ## - ADDED ENTRY ELEMENTS (KOHA) | |
| Suppress in OPAC | 0 |
| Source of classification or shelving scheme | Dewey Decimal Classification |
| 948 ## - LOCAL PROCESSING INFORMATION (OCLC); SERIES PART DESIGNATOR (RLIN) | |
| c (OCLC) | 04/03/1997 |
| Withdrawn status | Lost status | Source of classification or shelving scheme | Damaged status | Not for loan | Home library | Current library | Shelving location | Date acquired | Total Checkouts | Full call number | Barcode | Date last seen | Date last checked out | Copy number | Price effective from | Koha item type | Public note |
|---|---|---|---|---|---|---|---|---|---|---|---|---|---|---|---|---|---|
| Dewey Decimal Classification | London | London | Basement | 12/08/1991 | 6 | SHELF 305 | 30005500 | 06/08/2019 | 20/03/2007 | 1 | 06/08/2019 | Book | |||||
| Missing | London | London | Missing | 12/08/1991 | SHELF 305 | 30008206 | 06/08/2019 | 2 | 06/08/2019 | Book | |||||||
| Dewey Decimal Classification | London | London | Basement | 29/10/2007 | SHELF 305 | 30074296 | 06/08/2019 | 3 | 06/08/2019 | Reference material | |||||||
| Virtual | Virtual | Online | 27/01/2025 | isurv | 27/01/2025 | 27/01/2025 | Online material | Archived on isurv (subscription required) |